|
|
|
|
| LEADER |
00000nam a22000007i 4500 |
| 001 |
IT\ICCU\URB\0997269 |
| 003 |
ItRI |
| 005 |
20250513110644.0 |
| 008 |
250130s2024 it |||||| ||||| |||||c |
| 020 |
|
|
|a 9788898837670
|
| 040 |
|
|
|b ita
|c Arcigay Queer VdA
|
| 041 |
|
7 |
|a ita
|2 ISO-639-2
|
| 100 |
1 |
|
|a Gasparrini, Lorenzo,
|d (1972- )
|0 IT\ICCU\CFIV\337988
|
| 240 |
1 |
0 |
|a No
|9 Gasparrini, Lorenzo <1972- >
|
| 245 |
1 |
0 |
|a No :
|b del rifiuto e del suo essere un problema essenzialmente maschile /
|c Lorenzo Gasparrini.
|
| 250 |
|
|
|a 6. ed
|
| 260 |
|
|
|a [Firenze] :
|b Effequ,
|c 2024
|
| 300 |
|
|
|a 145 p. ;
|c 19 cm
|
| 830 |
|
0 |
|a Saggi pop
|0 IT\ICCU\BVE\0490529
|
| 942 |
|
|
|2 ddc
|c BK
|
| 952 |
|
|
|0 0
|1 0
|2 ddc
|4 0
|6 305_310000000000000_GAS_NOD
|7 0
|9 4249
|a AO
|b AO
|d 2025-05-13
|l 0
|o 305.31 GAS NOD
|p 11426
|r 2025-05-13 11:07:25
|w 2025-05-13
|x PROPRIETA DI SCORZONI GRETA
|y BK
|
| 981 |
|
1 |
|6 z01
|a i
|b xxxe
|
| 982 |
|
1 |
|6 z01
|a n
|
| 999 |
|
|
|c 3266
|d 3266
|